Agua-cero /

Guardado en:
Autor Principal: Andruetto, María Teresa
Otros Autores: Daghero, Guillermo; il.
Formato: Libro
Publicado: Córdoba [argentina] : Comunic-arte, 2013
Edición:3a. ed.
Series:Bicho bolita / Carolina Rossi
Materias:
Etiquetas: Agregar Etiqueta
Sin Etiquetas, Sea el primero en etiquetar este registro!
LEADER 00829nam a22002655a 4500
001 CEM.cems015533
005 20191211182017.0
008 130507s2013##################000#0#####d
003 CEMS
020 |a 9789876022514 
082 0 4 |a A868.4 
100 1 |a Andruetto, María Teresa 
245 1 0 |a Agua-cero /  |c María Teresa Andruetto ; ilustrado Por Guillermo Daghero 
250 |a 3a. ed. 
260 |a Córdoba [argentina] :  |b Comunic-arte,  |c 2013 
300 |a 28 p. 
490 0 |a Bicho bolita / Carolina Rossi 
653 |a Literatura 
653 |a Literatura argentina 
653 |a Literatura infantil 
653 |a Cuentos infantiles 
653 |a Colección ciencias de la educación 
653 |a Libro Álbum 
700 1 |a Daghero, Guillermo; il. 
859 |a CEMS  |b BIB. CEMS - Ccias. Educacion  |h A868.4  |i An29-2  |k CE  |p 28967.19  |t Ej.1